书目信息 |
| 题名: |
食品防护计划建立与实施
|
|
| 作者: | ;中国国家认证认可监督管理委员会 编著 | |
| 分册: | ||
| 出版信息: | 北京 中国大地出版社 2008 |
|
| 页数: | 174页 | |
| 开本: | 26cm | |
| 丛书名: | ||
| 单 册: | ||
| 中图分类: | F768.26 , R155.5 | |
| 科图分类: | ||
| 主题词: | 食品检验--基本知识 , 食品卫生--基本知识 , 食品检验 , 食品卫生 | |
| 电子资源: | ||
| ISBN: | 978-7-80246-119-2 | |
| 000 | 01019nam0 2200277 45 | |
| 001 | 1050687125 | |
| 005 | 20100415170640.17 | |
| 010 | @a978-7-80246-119-2@dCNY68.00 | |
| 100 | @a20100408d2008 ekmy0chiy0120 ea | |
| 101 | 0 | @achi |
| 102 | @aCN@b110000 | |
| 105 | @ay z 000yy | |
| 106 | @ar | |
| 200 | 1 | @a食品防护计划建立与实施@AShi Pin Fang Hu Ji Hua Jian Li Yu Shi Shi@f中国国家认证认可监督管理委员会编著@FZhong Guo Guo Jia Ren Zheng Ren Ke Jian Du Guan Li Wei Yuan Hui Bian Zhu |
| 210 | @a北京@c中国大地出版社@d2008 | |
| 215 | @a174页@d26cm | |
| 330 | @a本书从研究食品安全管理体系问题入手,以食品的安全性为索引,重点研究食品防护的基本理论与实践应用。 | |
| 606 | 0 | @a食品检验@x基本知识 |
| 606 | 0 | @a食品卫生@x基本知识 |
| 606 | 0 | @a食品检验 |
| 606 | 0 | @a食品卫生 |
| 690 | @aF768.26@v4 | |
| 690 | @aR155.5@v4 | |
| 711 | 02 | @a中国国家认证认可监督管理委员会@AZhong Guo Guo Jia Ren Zheng Ren Ke Jian Du Guan Li Wei Yuan Hui@4编著 |
| 801 | 0 | @aCN@bTANGWEI@c20100415 |
| 905 | @b0589507-11@dF768.26@e32@f5 | |
| 食品防护计划建立与实施/中国国家认证认可监督管理委员会编著.-北京:中国大地出版社,2008 |
| 174页;26cm |
| ISBN 978-7-80246-119-2:CNY68.00 |
| 本书从研究食品安全管理体系问题入手,以食品的安全性为索引,重点研究食品防护的基本理论与实践应用。 |
| ● |
| 相关链接 |
|
|
|
|
正题名:食品防护计划建立与实施
索取号:F768.26/32
 
预约/预借
| 序号 | 登录号 | 条形码 | 馆藏地/架位号 | 状态 | 备注 |
| 1 | 0589507 | 205895076 | 第一样本阅览室/ [索取号:F768.26/32] | 在馆 | |
| 2 | 0589508 | 205895085 | 第一借阅区/ [索取号:F768.26/32] | 在馆 | |
| 3 | 0589509 | 205895094 | 第一借阅区/ [索取号:F768.26/32] | 在馆 | |
| 4 | 0589510 | 205895101 | 第一借阅区/ [索取号:F768.26/32] | 在馆 | |
| 5 | 0589511 | 205895110 | 第一借阅区/ [索取号:F768.26/32] | 在馆 |